Normal view
MARC view
- Rizwan Ahmad Bhatti
Entry Personal Name
001 - CONTROL NUMBER
- control field: 92446
003 - CONTROL NUMBER IDENTIFIER
- control field: NUST
005 - DATE AND TIME OF LATEST TRANSACTION
- control field: 20220703151353.0
008 - FIXED-LENGTH DATA ELEMENTS
- fixed length control field: 220703|| aca||aabn | a|a d
040 ## - CATALOGING SOURCE
- Original cataloging agency: NUST
- Transcribing agency: NUST
100 ## - HEADING--PERSONAL NAME
- Personal name: Rizwan Ahmad Bhatti
670 ## - SOURCE DATA FOUND
- Source citation: Work cat.: (NUST)13241: Abdul Rehman Anwar 92444, 3D profile digitizer, 2015
